000 00794nam a22002175i 4500
001 175444
003 ES-MaACL
005 20250903063442.0
007 t|
008 101028s1859 sp ||||1| spa d
080 _a358.23(460)
245 0 0 _aEstado del Cuerpo de Ingenieros del Ejército en 1º de enero de 1859.
260 _aMadrid :
_b[s.n.],
_c1859 (
_fImp. del Memorial de Ingenieros)
300 _a129 p. ;
_c19 cm.
530 _aDisponible en formato digital.
610 1 _aEspaña.
_bCuerpo de Ingenieros del Ejército.
_93681
710 2 _aImprenta del Memorial de Ingenieros
_9134482
852 4 _aES-MaACL
_jT-2-F-1
856 4 _uhttp://bibliotecavirtualdefensa.es/BVMDefensa/es/consulta/registro.do?id=10000047848
_zBiblioteca Virtual de Defensa
999 _c175444
_d175444